|
|
|
|
| LEADER |
00000nab a2200000 ar4500 |
| 001 |
vtls008957285 |
| 003 |
SK-MaSNL |
| 005 |
20260303070950.0 |
| 008 |
070320c2007 xo |||| | | 000 b|slo |
| 015 |
|
|
|a SNBRB2007/03
|2 snkbucl
|
| 038 |
|
|
|a SNKBUCL
|
| 040 |
|
|
|a SNKBUCL
|b slo
|c SNKBUCL
|e AACR2
|
| 041 |
0 |
|
|a slo
|
| 044 |
|
|
|a xo
|c SK
|
| 080 |
|
|
|a 061.235
|x (437.6)
|2 1997
|
| 080 |
|
|
|a 364
|x (437.6)
|2 1997
|
| 080 |
|
|
|a 364.044.62
|2 1997
|
| 080 |
|
|
|a 177.72
|2 1997
|
| 080 |
|
|
|a 364.467
|2 1997
|
| 080 |
|
|
|a 614.885
|2 1997
|
| 080 |
|
|
|a 159.9
|2 1997
|
| 100 |
1 |
|
|a Surovcová, Anna
|4 aut
|9 442062
|
| 245 |
1 |
0 |
|a Umenie pomoci
|c Anna Surovcová
|
| 300 |
|
|
|b Fotogr.
|
| 610 |
2 |
7 |
|a Umenie pomoci (občianske združenie : Bratislava, Slovensko)
|2 snkbucl
|9 78930
|
| 650 |
0 |
7 |
|a chorí
|2 snkbucl
|9 2537
|
| 650 |
0 |
7 |
|a psychologické poradenstvo
|2 snkbucl
|9 3806
|
| 773 |
0 |
|
|t Humanita
|g Roč. XVI, č. 1 (2007)
|x 1336-2208
|
| 773 |
0 |
|
|i Príl.:
|t Humanita plus
|g Č. 1 (2007), s. 7
|
| 852 |
|
|
|a SNK
|b KIS3GCP
|
| 958 |
|
|
|a MI
|
| 958 |
|
|
|a SK
|
| 999 |
|
|
|c 1757740
|d 1759670
|